000 00800nam a2200205 a 4500
008 191127s2007 xx |||||||||||||| || u
020 _a9781416001454
050 _aRB 52 Shi
100 _aShidham, Vinod B
245 1 0 _aCytopathologic diagnosis of serous fluids
_cBy Vinod B Shidham ; Barbara F Atkinson
260 _a
_bSaunders Elsevier
_c2007
300 _axvi, 269 pages : illustrations
350 _a299.98
650 _aSEROUS MEMBRANE--PATHOLOGY
650 _aBODY FLUIDS--EXAMINATION
650 _aBODY FLUIDS--ANALYSIS
650 _aDIAGNOSIS, LABORATORY--METHODS
700 _aatkinson, Barbara F
995 _aMEDICAL LIBRARY OPEN ACCESS
_e904525
_FCBU-SCHOOL OF MEDICINE LIBRARY (Ndola)
_I299.98
_jRB 52 Shi
_M1
_UAVAILABLE
_WDec 13, 2019
_y904525
_ZMedical Library Open Access Collection
999 _c31207
_d31207